<?xml version="1.0" encoding="UTF-8"?>
<collection xmlns="http://www.loc.gov/MARC21/slim">
 <record>
  <leader>00912pamaa2200241   4500</leader>
  <controlfield tag="001">0000047601</controlfield>
  <controlfield tag="005">20130815090000.0</controlfield>
  <controlfield tag="008">100814                             eng  </controlfield>
  <datafield tag="020" ind1="0" ind2="0">
   <subfield code="a">9787117093750 (pbk.) </subfield>
  </datafield>
  <datafield tag="090" ind1="0" ind2="0">
   <subfield code="a">R602 </subfield>
   <subfield code="b">SHI 2008</subfield>
  </datafield>
  <datafield tag="100" ind1="1" ind2="0">
   <subfield code="a">Shi De </subfield>
  </datafield>
  <datafield tag="240" ind1="0" ind2="0">
   <subfield code="a">Cheng Shi De Zhong Yi Xue Ji Chu Jiang Gao</subfield>
  </datafield>
  <datafield tag="245" ind1="1" ind2="0">
   <subfield code="a">Cheng Shi De's Script on the Basic Traditional Chinese Medicine = </subfield>
   <subfield code="l">Cheng Shi De Zhong Yi Xue Ji Chu Jiang Gao : </subfield>
   <subfield code="b">Vol. 1  </subfield>
   <subfield code="c">Shi De; </subfield>
   <subfield code="f">edited by Zhang Hong; </subfield>
   <subfield code="f">edited by Zhang Hong; </subfield>
   <subfield code="f">Compiled by Guo Xiazhen, Yang Fang, illustrated by Zhao Jingjing.</subfield>
  </datafield>
  <datafield tag="250" ind1="0" ind2="0">
   <subfield code="a">1st ed.</subfield>
  </datafield>
  <datafield tag="260" ind1="0" ind2="0">
   <subfield code="a">Beijing, China: </subfield>
   <subfield code="b">People's Medical Publishing House, </subfield>
   <subfield code="c">2008.</subfield>
  </datafield>
  <datafield tag="300" ind1=" " ind2=" ">
   <subfield code="a">275p: </subfield>
   <subfield code="b">ill.; </subfield>
   <subfield code="c">26 cm.</subfield>
  </datafield>
  <datafield tag="501" ind1="0" ind2="0">
   <subfield code="a">FMHS</subfield>
  </datafield>
  <datafield tag="650" ind1="0" ind2="0">
   <subfield code="a">Traditional Chinese Medicine </subfield>
  </datafield>
  <datafield tag="700" ind1="1" ind2="1">
   <subfield code="a">Hong, </subfield>
   <subfield code="h">Zhang </subfield>
  </datafield>
  <datafield tag="700" ind1="1" ind2="1">
   <subfield code="a">Jingjing, </subfield>
   <subfield code="h">Zhao </subfield>
  </datafield>
  <datafield tag="700" ind1="1" ind2="1">
   <subfield code="a">Xiazhen, </subfield>
   <subfield code="h">Guo </subfield>
  </datafield>
  <datafield tag="700" ind1="1" ind2="1">
   <subfield code="a">Fang, </subfield>
   <subfield code="h">Yang </subfield>
  </datafield>
  <datafield tag="901" ind1=" " ind2=" ">
   <subfield code="u">www.pmph.com</subfield>
  </datafield>
 </record>
</collection>
